000 01129nam a2200277 4500
003 EC-UNACH
005 20241111120613.0
006 s||||gr|||| 00| 00
008 150116t9999 mx r gr 000 0 spa d
020 _a978-84-18155-46-8
040 _aEC-UNACH
_cEC-UNACH
041 _aspa
082 0 4 _223
_a356:658
_bL016676
100 _aOrtiz García, Pilar
245 _aDiscapacidad y emprendimiento.
_bNotas metodológicas a un proyecto de investigación,
250 _aPrimera Edición
264 _aValencia, España.
_bTirant Humanidades.
_c2020
300 _a123 páginas
_bTablas, Gráficos.
_c21.5
505 _aIncluye: Introducción.-- Itinerario metodológico en el desarrollo de la investigación.-- La técnica de grupo nominal.-- Las entrevistas en profundidad.-- La encuesta como instrumento para el análisis del emprendimiento y la discapacidad.-- Prospectiva.-- Conclusión y recomendaciones.
650 _aDISCAPACIDAD.
650 _aEMPRENDIMIENTO.
942 _2ddc
_c1
999 _c13482